Los Costos de la tercera edad /
Kaydedildi:
| Yazar: | |
|---|---|
| Diğer Yazarlar: | |
| Materyal Türü: | Metin |
| Konular: | |
| Etiketler: |
Etiketle
Etiket eklenmemiş, İlk siz ekleyin!
|
MARC
| LEADER | 00000 a a2200000 04500 | ||
|---|---|---|---|
| 001 | 8101 | ||
| 003 | |||
| 040 | |||
| 100 | |a Bryant, John | ||
| 245 | |a Los Costos de la tercera edad / |c John Bryant ; Audrey Sonerson | ||
| 650 | |a ENVEJECIMIENTO DE LA POBLACION | ||
| 650 | |a GASTOS DE SALUD | ||
| 650 | |a NUEVA ZELANDA | ||
| 700 | |a Sonerson, Audrey | ||
| 773 | |g volumen 43, número 3; páginas 48-50 | ||
| 999 | |c 38563 |d 38563 | ||
